000
00328 a2200145 4500
001
60010
020
_a
346484031x
040
_c
Anchieta - Pituba
240
1
0
_a
Kíras lernwelt
_l
por
245
1
0
_a
Kíras lernwelt
300
_a
63
362
0
_a
2005
650
4
_a
Línguas germânicas (teutônicas) língua alemã
942
_c
BK
999
_c
60010
_d
60010